It's not my fault I know everything / (Record no. 1906)

MARC details
000 -LEADER
fixed length control field 01250cam a22003257a 4500
005 - DATE AND TIME OF LATEST TRANSACTION
control field 20231009132006.0
020 ## - INTERNATIONAL STANDARD BOOK NUMBER
International Standard Book Number 9780439825979 (pbk.)
020 ## - INTERNATIONAL STANDARD BOOK NUMBER
International Standard Book Number 0439825970 (pbk.)
040 ## - CATALOGING SOURCE
Original cataloging agency BTCTA
Transcribing agency BTCTA
Modifying agency BAKER
-- OCP
-- JAO
-- B2A
-- YDXCP
-- UPZ
-- WL8
-- CQU
-- DLC
-- FISKH
Language of cataloging eng
050 00 - LIBRARY OF CONGRESS CALL NUMBER
Classification number PZ7.B447547
Item number It 2009
082 ## - DEWEY DECIMAL CLASSIFICATION NUMBER
Classification number 808.832
100 1# - MAIN ENTRY--PERSONAL NAME
Personal name Benton, Jim.
245 10 - TITLE STATEMENT
Title It's not my fault I know everything /
Statement of responsibility, etc. by Jamie Kelly [i.e. Jim Benton ; cover art by Jamie Kelly with the help of Jim Benton].
246 3# - VARYING FORM OF TITLE
Title proper/short title It is not my fault I know everything
260 ## - PUBLICATION, DISTRIBUTION, ETC.
Place of publication, distribution, etc. New York :
Name of publisher, distributor, etc. Scholastic,
Date of publication, distribution, etc. 2009.
300 ## - PHYSICAL DESCRIPTION
Extent 131 pages :
Other physical details illustrator ;
Dimensions 20 cm
490 1# - SERIES STATEMENT
Series statement Dear dumb diary ;
Volume/sequential designation Book 8
500 ## - GENERAL NOTE
General note "Jim Benton's tales from Mackerel Middle School."
500 ## - GENERAL NOTE
General note "Free diploma of everything inside!"--Cover.
500 ## - GENERAL NOTE
General note "Apple series"--P. [4] of cover.
505 ## - FORMATTED CONTENTS NOTE
Formatted contents note Z
520 ## - SUMMARY, ETC.
Summary, etc. Jamie Kelly looks back through her very oldest diaries, and is amazed at how dumb she used to be considering how smart she is now.
521 0# - TARGET AUDIENCE NOTE
Target audience note 940 <br/>
Source Lexile
521 1# - TARGET AUDIENCE NOTE
Target audience note Z <br/>
Source Raz-Plus
650 #0 - SUBJECT ADDED ENTRY--TOPICAL TERM
Topical term or geographic name entry element Diaries
Form subdivision Juvenile fiction.
650 #0 - SUBJECT ADDED ENTRY--TOPICAL TERM
Topical term or geographic name entry element Middle schools
Form subdivision Juvenile fiction.
650 #1 - SUBJECT ADDED ENTRY--TOPICAL TERM
Topical term or geographic name entry element Middle schools
Form subdivision Fiction.
942 ## - ADDED ENTRY ELEMENTS (KOHA)
Source of classification or shelving scheme Dewey Decimal Classification
Koha item type Books
Suppress in OPAC No
999 ## -
-- 1906
-- 1906
Holdings
Withdrawn status Lost status Source of classification or shelving scheme Damaged status Not for loan Collection Home library Current library Shelving location Date acquired Total Checkouts Full call number Barcode Date last seen Price effective from Koha item type
    Dewey Decimal Classification     Juvenile Fiction Footprints International School Library Network Toul Kork Campus Footprints International School Library Network Toul Kork Campus   10/09/2023   BEN Fic PZ7.B447547 FISTK00269 10/09/2023 10/09/2023 Books